000 02044nam a2200349 i 4500
001 000024676
003 DO-SdBNP
005 20260415100252.0
007 ta
008 110202s2010 dr f000 0 spa d
040 _aDO-SdBNP
_bspa
_cBNPHU
_erda
041 _aspa
082 4 _a342.729302
_bR426co 2010
_222
110 1 _aRepública Dominicana.
_9447
240 1 0 _aConstitución (2010)
245 1 0 _aConstitución Dominicana /
_cpresentación, Reinaldo Pared Pérez, Julio César Valentín Jiminián.
250 _asegunda edición
264 1 _aSanto Domingo :
_bAlfa y Omega;
_bCámara de Diputados de la República Dominicana,
_c2010.
300 _a130 páginas ;
_c21 cm.
336 _atexto
_btxt
_2rdacontent
337 _asin mediación
_bn
_2rdamedia
338 _avolumen
_bnc
_2rdacarrier
505 0 _aPresentación /
_rReinaldo Pared Pérez, Julio César Valentín Jiminián --
_tPreámbulo --
_tDe la Nación, del Estado, de su gobierno y de sus principios fundamentales --
_tDe los derechos, garantías y deberes fundamentales --
_tDel Poder Legislativo --
_tDel Poder Ejecutivo --
_tDel Poder Judicial --
_tDel Consejo Nacional de la Magistratura --
_tDel control constitucional --
_tDel Defensor del Pueblo --
_tDel ordenamiento del territorio y de la administración local --
_tDel Sistema electoral --
_tDel régimen económico y financiero y de la Cámara de Cuentas --
_tDe las Fuerzas Armadas, de la Policía Nacional y de la Seguridad y Defensa --
_tDe los Estados de Excepción --
_tDe las Reformas Constitucionales --
_gDisposiciones generales y transitorias --
_gFirmas.
590 _aInventariado, 2018/ YL
651 4 _aRepública Dominicana
_xConstitución (2010{Rpara}
_935654
651 4 _aRepública Dominicana
_zDerecho constitucional
_9449
700 1 _aPared Pérez, Reinaldo,
_epresentación
_950599
700 1 _aValentín Jiminían, Julio César,
_d1966-
_epresentación
_915248
710 2 _aAsamblea Nacional de la República Dominicana
_950600
910 _aValidado. Control de calidad EMS
942 _2ddc
_cLBS1
999 _c24169
_d24169